00858nam a2200181Ii 4500008004100000245026700041260006300308300003200371504004100403650003800444650005700482650003800539700002800577710004400605003000100649005001700650040000900667MAIN|c(19774) 00aChemical technology for developing countries :binternational conference of the Nigerian Society of Chemical Engineers, held at the Dept. of Chemical Engineering, Ahmadu Bello University, Zaria, Nigeria, 4-6 November, 1979 /cAntonie A. C. M. Beenackers, editor. aZaria, Nigeria :bOrganizing Committee, N.S.Ch.E.,cc1979. ax, 206 p. :bill. ;c21 cm. aIncludes bibliographical references. 0aChemical engineeringxCongresses. 0aChemical industryzDeveloping countriesxCongresses. 0aChemistry, TechnicalxCongresses.1 aBeenackers, A. A. C. M.2 aNigerian Society of Chemical Engineers.20230123134217.0 cNUST